Putting the use classes in order (Record no. 74784)

MARC details
000 -LEADER
fixed length control field 01162cab a2200241 4500
001 - CONTROL NUMBER
control field ABS68764
008 - FIXED-LENGTH DATA ELEMENTS--GENERAL INFORMATION
fixed length control field 050209n2005 000 0 eng u
035 ## - SYSTEM CONTROL NUMBER
System control number (Sirsi) u128744
100 ## - MAIN ENTRY--PERSONAL NAME
Personal name Mason, L.
245 ## - TITLE STATEMENT
Title Putting the use classes in order
260 ## - PUBLICATION, DISTRIBUTION, ETC.
Date of publication, distribution, etc. 2005
490 ## - SERIES STATEMENT
Series statement Planning in London
Volume/sequential designation (52) January 2005, 27(1)
520 ## - SUMMARY, ETC.
Summary, etc. Summarises the impending changes to the Town and Country Planning (Use Classes) Order 1987, which increase local authority power over the high street in particular. The current changes proposed in November 2003 are expected to take effect in March/April 2005. Describes the imminent changes with regard to use classes A1, A3 and D2. A revised advisory circular will be produced in conjunction with the statutory instruments to set out the new procedure and provide guidance on the interpretation of the changes.
590 ## - LOCAL NOTE (RLIN)
Local note ABS
590 ## - LOCAL NOTE (RLIN)
Local note RKA
650 ## - SUBJECT ADDED ENTRY--TOPICAL TERM
Topical term or geographic name entry element USE CLASSES
650 ## - SUBJECT ADDED ENTRY--TOPICAL TERM
Topical term or geographic name entry element TOWN AND COUNTRY PLANNING (USE CLASSES) ORDER 1987
650 ## - SUBJECT ADDED ENTRY--TOPICAL TERM
Topical term or geographic name entry element TOWN CENTRES
650 ## - SUBJECT ADDED ENTRY--TOPICAL TERM
Topical term or geographic name entry element CHANGE OF USE
650 ## - SUBJECT ADDED ENTRY--TOPICAL TERM
Topical term or geographic name entry element HIGH STREET
690 ## - LOCAL SUBJECT ADDED ENTRY--TOPICAL TERM (OCLC, RLIN)
Topical term or geographic name as entry element ENVIRONMENTAL AND LAND CONSULTANCY-PLANNING AND DEVELOPMENT
942 ## - ADDED ENTRY ELEMENTS (KOHA)
Suppress in OPAC 0
Holdings
Withdrawn status Lost status Source of classification or shelving scheme Damaged status Not for loan Home library Current library Shelving location Date acquired Total Checkouts Full call number Barcode Date last seen Copy number Price effective from Koha item type
    Dewey Decimal Classification     London London Journal article 09/02/2005   ABS68764 128744-1001 06/08/2019 1 06/08/2019 Journal article